| 000 | 00507nam a22001937a 4500 | ||
|---|---|---|---|
| 003 | OSt | ||
| 005 | 20140310183004.0 | ||
| 008 | 130209t xxu||||| |||| 00| 0 eng d | ||
| 020 | _a9789715695824 | ||
| 050 |
_aR 834 _b.Al454 2007 |
||
| 100 | _aAlora, Rosario T. | ||
| 245 |
_aHelping the health professional teach / _cAlora, Rosario Angeles Tan |
||
| 260 |
_aMakati City : _bBookmark, _c2007. |
||
| 300 |
_a188 p. : _c19 cm. |
||
| 521 | _aNUR | ||
| 562 | _e1 | ||
| 942 |
_2lcc _cBK _kLOC |
||
| 999 |
_c18150 _d18150 |
||